书目信息 |
| 题名: |
数据库应用程序设计基础教程(Visual FoxPro)题解与实验指导
|
|
| 作者: | 黄京莲 , 周山芙 编著 | |
| 分册: | ||
| 出版信息: | 北京 清华大学出版社 2005 |
|
| 页数: | 136页 | |
| 开本: | 26cm | |
| 丛书名: | 高等学校计算机基础教育教材精选 | |
| 单 册: | ||
| 中图分类: | TP311.138-44 | |
| 科图分类: | ||
| 主题词: | 关系数据库--guan xi shu ju ku--数据库管理系统, Visual FoxPro--程序设计--高等学校--教材 | |
| 电子资源: | ||
| ISBN: | 7-302-11710-1 | |
| 000 | 01345nam 2200265 450 | |
| 005 | 20061121093608.46 | |
| 010 | @a7-302-11710-1@dCNY15.00 | |
| 100 | @a20051026d2005 ekmy0chiy0121 ea | |
| 101 | 0 | @achi |
| 102 | @aCN@b110000 | |
| 105 | @aa a 000yy | |
| 200 | 1 | @a数据库应用程序设计基础教程(Visual FoxPro)题解与实验指导@Ashu ju ku ying yong cheng xu she ji ji chu jiao cheng ( visual foxpro ) ti jie yu shi yan zhi dao@f黄京莲, 周山芙编著 |
| 210 | @a北京@c清华大学出版社@d2005 | |
| 215 | @a136页@c图@d26cm | |
| 225 | 2 | @a高等学校计算机基础教育教材精选@Agao deng xue xiao ji suan ji ji chu jiao yu jiao cai jing xuan |
| 320 | @a有书目。 | |
| 330 | @a本书是清华大学出版社出版、由周山芙和黄京莲编写的《数据库应用程序设计基础教程(Visual FoxPro)》一书的辅助教材。全书分为两部分:分别是主教材中全部习题答案和上机实验与操作指导。 | |
| 410 | 0 | @12001 @a高等学校计算机基础教育教材精选 |
| 517 | 1 | @a数据库应用程序设计基础教程Visual FoxPro题解与实验指导@Ashu ju ku ying yong cheng xu she ji ji chu jiao cheng visual foxpro ti jie yu shi yan zhi dao |
| 606 | 0 | @a关系数据库@Aguan xi shu ju ku@x数据库管理系统, Visual FoxPro@x程序设计@x高等学校@j教材 |
| 690 | @aTP311.138-44@v4 | |
| 701 | 0 | @a黄京莲@Ahuang jing lian@4编著 |
| 701 | 0 | @a周山芙@Azhou shan fu@4编著 |
| 801 | 0 | @aCN@bTSU@c20061121 |
| 905 | @a10447@dTP311.138-44@e229(+) | |
| 数据库应用程序设计基础教程(Visual FoxPro)题解与实验指导/黄京莲, 周山芙编著.-北京:清华大学出版社,2005 |
| 136页:图;26cm.-(高等学校计算机基础教育教材精选) |
| ISBN 7-302-11710-1:CNY15.00 |
| 本书是清华大学出版社出版、由周山芙和黄京莲编写的《数据库应用程序设计基础教程(Visual FoxPro)》一书的辅助教材。全书分为两部分:分别是主教材中全部习题答案和上机实验与操作指导。 |
| ● |
| 相关链接 |
|
|
|
|
正题名:数据库应用程序设计基础教程(Visual FoxPro)题解与实验指导
索取号:TP311.138-44/229(+)
 
预约/预借
| 序号 | 登录号 | 条形码 | 馆藏地/架位号 | 状态 | 备注 |
| 1 | 0394103 | 203941039 | 第二样本阅览室/ [索取号:TP311.138-44/229(+)] | 在馆 | |
| 2 | 0394104 | 203941048 | 第三借阅区/ [索取号:TP311.138-44/229(+)] | 在馆 | |
| 3 | 0394105 | 203941057 | 第三借阅区/ [索取号:TP311.138-44/229(+)] | 在馆 | |
| 4 | 0394106 | 203941066 | 第三借阅区/ [索取号:TP311.138-44/229(+)] | 在馆 | |
| 5 | 0394107 | 203941075 | 第三借阅区/ [索取号:TP311.138-44/229(+)] | 在馆 |